[Event "TCh-TUR Super League 2014"]
[Site "Kocaeli TUR"]
[Date "2014.08.26"]
[Round "10.1"]
[Board "6"]
[White "Sapmaz, Dilay"]
[Black "Batsiashvili, Nino"]
[Result "0-1"]
[BlackTitle "IM"]
[WhiteElo "1408"]
[BlackElo "2435"]
[WhiteTeam "Turk Hava Yollari Spor Kulubu"]
[BlackTeam "Hatay Buyuksehir Belediye Genclik VE Spor Kulubu"]
[WhiteFideId "6322883"]
[BlackFideId "13602993"]
[EventDate "2014.08.18"]

1. d4 d5 2. e3 Nf6 3. Bd3 g6 4. Nf3 Bg7 5. O-O O-O 6. Nbd2 b6 7. Ne5 c5 8. b3
Bb7 9. Bb2 Nc6 10. f4 Qc7 11. a3 Nxe5 12. dxe5 Ne4 13. Nxe4 dxe4 14. Bc4 a6 15.
a4 Bc6 16. Qe2 Qb7 17. Qg4 b5 18. axb5 axb5 19. Be2 e6 20. h4 Rxa1 21. Rxa1 Ra8
22. Rb1 Bd5 23. Bf1 c4 24. Bd4 c3 25. Qd1 b4 26. Ra1 Bf8 27. Kf2 Qc6 28. g4 Ra3
29. Be2 Bc5 30. Qc1 Bxd4 31. exd4 e3+ 32. Kxe3 Rxa1 33. Qxa1 Bh1 34. Qc1 Qe4+
35. Kf2 Qg2+ 36. Ke1 Qg3+ 37. Kf1 Bg2+ 38. Kg1 Bh3+ 0-1

[Event "TCh-TUR Super League 2014"]
[Site "Kocaeli TUR"]
[Date "2014.08.26"]
[Round "10.1"]
[Board "7"]
[White "Buyukasik, Diyap"]
[Black "Soysal, Serkan"]
[Result "0-1"]
[WhiteElo "2165"]
[BlackElo "2261"]
[WhiteTeam "Hatay Buyuksehir Belediye Genclik VE Spor Kulubu"]
[BlackTeam "Turk Hava Yollari Spor Kulubu"]
[WhiteFideId "6319602"]
[BlackFideId "6349250"]
[EventDate "2014.08.18"]

1. Nf3 Nf6 2. g3 d5 3. Bg2 e6 4. O-O Be7 5. d3 c5 6. Nbd2 Nc6 7. e4 O-O 8. e5
Nd7 9. Re1 b5 10. Nf1 a5 11. h4 b4 12. Bf4 Ba6 13. N1h2 a4 14. Ng5 a3 15. b3 Nd4
16. Ngf3 Nb5 17. Nd2 Rc8 18. Qg4 Kh8 19. Nhf3 Nb8 20. Qh5 Nc6 21. Nf1 Qd7 22.
Bg5 f6 23. exf6 Bxf6 24. Bxf6 gxf6 25. Bh3 Rce8 26. N1h2 Bc8 27. Rac1 Nc3 28.
Ra1 Qg7 29. Kg2 Bd7 30. Qg4 Qh6 31. Qf4 Qxf4 32. gxf4 Kg7 33. Nf1 Kf7 34. Ng3
Rg8 35. Kf1 Re7 36. h5 Bc8 37. Ne2 Bb7 38. Nxc3 bxc3 39. Re2 d4 40. Nh4 Nb4 41.
Rae1 Rge8 42. f5 e5 43. Bg4 Rg8 44. f3 e4 45. Ng6 hxg6 46. fxg6+ Kg7 47. fxe4
Re5 48. h6+ Kxh6 49. Bf5 Kg7 50. Rh2 Rh8 51. Ree2 Ree8 52. Rh7+ Rxh7 53. gxh7
Nxa2 54. Rg2+ Kh8 55. Bd7 Re7 0-1

[Event "TCh-TUR Super League 2014"]
[Site "Kocaeli TUR"]
[Date "2014.08.26"]
[Round "10.1"]
[Board "8"]
[White "Ozturk, Hilal"]
[Black "Abdimanoglu, Beste Basak"]
[Result "0-1"]
[WhiteElo "1816"]
[BlackElo "1872"]
[WhiteTeam "Turk Hava Yollari Spor Kulubu"]
[BlackTeam "Hatay Buyuksehir Belediye Genclik VE Spor Kulubu"]
[WhiteFideId "6315330"]
[BlackFideId "6300286"]
[EventDate "2014.08.18"]

1. e4 d6 2. d4 g6 3. Nc3 Bg7 4. Be3 a6 5. Nf3 b5 6. a4 b4 7. Nd5 a5 8. Bc4 e6 9.
Nf4 Bb7 10. Qd3 Nf6 11. Ng5 Qe7 12. e5 dxe5 13. dxe5 Ng4 14. Nxf7 Nxe3 15. Qxe3
Qxf7 16. Nxe6 Qe7 17. O-O-O Nc6 18. Rhe1 Nd8 19. Nxg7+ Qxg7 20. e6 Nc6 21. Rd7
Ne7 22. Red1 O-O 23. Rxc7 Ba6 24. Rdd7 Rfe8 25. Bb3 Qf6 26. Qc5 Qf4+ 27. Kb1 Nf5
28. Rxh7 Qe4 29. Rhf7 Rad8 30. e7 Rd1+ 31. Ka2 Nd4 32. Rf8+ Kg7 33. Rxe8 Nxb3
34. Kxb3 Qe6+ 35. c4 bxc3+ 36. Kc2 Qe2+ 37. Kxc3 Qd3# 0-1

[Event "TCh-TUR Super League 2014"]
[Site "Kocaeli TUR"]
[Date "2014.08.26"]
[Round "10.1"]
[Board "9"]
[White "Temizkan, Denizcan"]
[Black "Eren, Ataberk"]
[Result "1-0"]
[WhiteTitle "CM"]
[WhiteElo "1972"]
[BlackElo "1799"]
[WhiteTeam "Hatay Buyuksehir Belediye Genclik VE Spor Kulubu"]
[BlackTeam "Turk Hava Yollari Spor Kulubu"]
[WhiteFideId "6325157"]
[BlackFideId "6349765"]
[EventDate "2014.08.18"]

1. d4 Nf6 2. Nf3 c5 3. d5 e6 4. c4 exd5 5. cxd5 d6 6. Nc3 g6 7. e4 Bg7 8. Bd3
O-O 9. h3 b5 10. Nxb5 Re8 11. O-O Nxe4 12. Re1 a6 13. Na3 Nf6 14. Rxe8+ Nxe8 15.
Nc4 Nd7 16. Bg5 Qc7 17. Qd2 Bb7 18. Bc2 Nb6 19. Nxb6 Qxb6 20. Re1 Nf6 21. Re7
Kf8 22. Re3 c4 23. Bxf6 Bxf6 24. Re4 Rc8 25. Qf4 Qxb2 26. Ba4 Kg7 27. Rxc4 Qxa2
28. Bc6 a5 29. g4 Ba6 30. Re4 Rb8 31. g5 Rb1+ 32. Kg2 Bc3 33. Re7 Bf1+ 34. Kg3
Be5 35. Nxe5 Rb3+ 36. Nf3 1-0

[Event "TCh-TUR Super League 2014"]
[Site "Kocaeli TUR"]
[Date "2014.08.26"]
[Round "10.1"]
[Board "10"]
[White "Kaymaz, Lena Nur"]
[Black "Keskin, Suara"]
[Result "1/2-1/2"]
[WhiteElo "1687"]
[BlackElo "1674"]
[WhiteTeam "Turk Hava Yollari Spor Kulubu"]
[BlackTeam "Hatay Buyuksehir Belediye Genclik VE Spor Kulubu"]
[WhiteFideId "6359990"]
[BlackFideId "6332650"]
[EventDate "2014.08.18"]

1. e4 d6 2. d4 g6 3. Nc3 Bg7 4. f4 a6 5. Nf3 Nd7 6. Bd3 e5 7. dxe5 dxe5 8. Bc4
Qe7 9. Ng5 Nh6 10. Qe2 c6 11. O-O exf4 12. Bxf4 O-O 13. Nf3 Ng4 14. Rad1 Nge5
15. Bb3 a5 16. Qd2 Nxf3+ 17. Rxf3 Ne5 18. Rff1 Be6 19. Bg5 f6 20. Bxe6+ Qxe6 21.
Bf4 Nc4 22. Qe2 f5 23. exf5 Qxe2 24. Nxe2 Rxf5 25. b3 Ne5 26. Nd4 Rf7 27. Ne6
Bh8 28. Rde1 Re8 29. Bxe5 Rxf1+ 30. Kxf1 Rxe6 31. Bxh8 Rxe1+ 32. Kxe1 Kxh8 33.
Kd2 Kg7 34. Kd3 Kf6 35. Kd4 b6 36. c4 Ke6 37. a4 c5+ 38. Ke4 h6 39. h4 Kd6 40.
Kf4 Ke6 41. g4 Kf6 42. Ke4 1/2-1/2

[Event "TCh-TUR Super League 2014"]
[Site "Kocaeli TUR"]
[Date "2014.08.26"]
[Round "10.2"]
[Board "3"]
[White "Dastan, Muhammed Batuhan"]
[Black "Haznedaroglu, Kivanc"]
[Result "1-0"]
[WhiteTitle "IM"]
[BlackTitle "GM"]
[WhiteElo "2432"]
[BlackElo "2471"]
[WhiteTeam "Kahramanmaras Buyuksehir Belediyesi Spor Kulubu"]
[BlackTeam "T.S. Alyans Satranc Spor Kulubu"]
[WhiteFideId "6300014"]
[BlackFideId "6300634"]
[EventDate "2014.08.18"]

1. e4 g6 2. d4 Bg7 3. Nc3 c6 4. Nf3 b5 5. Bd3 d6 6. O-O Nd7 7. a4 b4 8. Ne2 a5
9. Re1 e5 10. dxe5 dxe5 11. Bc4 Qe7 12. c3 Ngf6 13. cxb4 axb4 14. Qc2 O-O 15.
Be3 Ng4 16. Bg5 Qc5 17. Nc1 h6 18. Nd3 Qd6 19. Bd2 c5 20. Bb5 Ba6 21. Bxa6 Qxa6
22. h3 b3 23. Qc3 Ngf6 24. Nxc5 Nxc5 25. Qxc5 Rfc8 26. Qe3 Qe6 27. a5 Ne8 28.
Bc3 Nd6 29. Qd3 Nc4 30. Nd2 Nxd2 31. Qxd2 Bf8 32. Red1 Rc4 33. Qd5 Qxd5 34. Rxd5
Rxe4 35. Rxe5 Rxe5 36. Bxe5 Ra6 37. Bc3 Bd6 38. Kf1 Bc5 39. Rd1 1-0

[Event "TCh-TUR Super League 2014"]
[Site "Kocaeli TUR"]
[Date "2014.08.26"]
[Round "10.2"]
[Board "4"]
[White "Yilmazyerli, Mert"]
[Black "Isik, Engin Yasar"]
[Result "1-0"]
[WhiteTitle "FM"]
[WhiteElo "2454"]
[BlackElo "2232"]
[WhiteTeam "T.S. Alyans Satranc Spor Kulubu"]
[BlackTeam "Kahramanmaras Buyuksehir Belediyesi Spor Kulubu"]
[WhiteFideId "6305962"]
[BlackFideId "6301886"]
[EventDate "2014.08.18"]

1. d4 Nf6 2. Bg5 e6 3. e4 h6 4. Bxf6 Qxf6 5. c3 b6 6. Bd3 Bb7 7. Ne2 d6 8. O-O
Nd7 9. Nd2 h5 10. f4 Qe7 11. e5 g6 12. Be4 d5 13. Bd3 Bh6 14. Nf3 O-O-O 15. Qa4
Kb8 16. b4 c6 17. Qd1 b5 18. a4 a6 19. Nd2 g5 20. f5 g4 21. f6 Be3+ 22. Kh1 Qf8
23. Nb3 Kc7 24. Qc2 Qh6 25. Nc5 Ra8 26. Nc1 Bxc1 27. Qxc1 Qxc1 28. Rfxc1 Nxc5
29. bxc5 Rag8 30. Kg1 g3 31. h3 Ra8 32. a5 h4 33. Kf1 Rh6 34. Ke2 Bc8 35. Rab1
Bd7 36. Ke3 Rah8 37. Rf1 Be8 38. Rf4 Bd7 39. Rg4 Kd8 40. Rg7 Ke8 41. Rf1 Kf8 42.
Rf4 Be8 43. Rfg4 Bd7 44. Kf4 Be8 45. Kf3 Bd7 46. R4g5 Be8 47. Kg4 Bd7 48. Bg6
fxg6 49. Rxd7 R8h7 50. Rd8+ Kf7 51. Rc8 1-0

[Event "TCh-TUR Super League 2014"]
[Site "Kocaeli TUR"]
[Date "2014.08.26"]
[Round "10.2"]
[Board "5"]
[White "Erden, Kadir"]
[Black "Akcan, Umit"]
[Result "1-0"]
[WhiteElo "2220"]
[BlackElo "2045"]
[WhiteTeam "Kahramanmaras Buyuksehir Belediyesi Spor Kulubu"]
[BlackTeam "T.S. Alyans Satranc Spor Kulubu"]
[WhiteFideId "6305776"]
[BlackFideId "6301371"]
[EventDate "2014.08.18"]

1. Nf3 d5 2. g3 Nf6 3. Bg2 e6 4. O-O Be7 5. c4 O-O 6. d4 dxc4 7. Qc2 a6 8. Qxc4
b5 9. Qc2 Bb7 10. Bd2 Ra7 11. a3 Be4 12. Qc1 Nc6 13. e3 Qa8 14. Qd1 Nd5 15. Bc1
e5 16. Nbd2 Bd3 17. e4 Bxf1 18. Nxf1 Nb6 19. d5 Rd8 20. Be3 Bf6 21. Rc1 Ne7 22.
Bc5 Nec8 23. Ne3 Nd6 24. Qd3 Re8 25. Ng4 Qd8 26. h4 h5 27. Nxf6+ Qxf6 28. Be3
Ndc4 29. Bg5 Qd6 30. b3 Nxa3 31. Rc6 Qf8 32. Be3 Rb7 33. Bc5 1-0

[Event "TCh-TUR Super League 2014"]
[Site "Kocaeli TUR"]
[Date "2014.08.26"]
[Round "10.2"]
[Board "6"]
[White "Wang, Jue"]
[Black "Isgandarova, Khayala"]
[Result "1/2-1/2"]
[WhiteTitle "WGM"]
[BlackTitle "WIM"]
[WhiteElo "2368"]
[BlackElo "2190"]
[WhiteTeam "T.S. Alyans Satranc Spor Kulubu"]
[BlackTeam "Kahramanmaras Buyuksehir Belediyesi Spor Kulubu"]
[WhiteFideId "8604070"]
[BlackFideId "13401823"]
[EventDate "2014.08.18"]

1. e4 e6 2. d4 d5 3. Nc3 Nf6 4. e5 Nfd7 5. f4 c5 6. Nf3 Nc6 7. Be3 cxd4 8. Nxd4
Bc5 9. Qd2 Bxd4 10. Bxd4 Nxd4 11. Qxd4 Qb6 12. Qd2 f6 13. exf6 Nxf6 14. O-O-O
Bd7 15. Be2 O-O-O 16. Qd4 Qxd4 17. Rxd4 Be8 18. Re1 Bg6 19. Bf3 Rhe8 20. g4 h5
21. g5 Ng8 22. Re3 Bf7 23. Bg2 Ne7 24. Bh3 Kb8 25. Ne2 Nf5 26. Bxf5 exf5 27. Kd2
Rxe3 28. Kxe3 Re8+ 29. Kf2 Re4 30. h4 g6 31. c3 Kc7 32. Ng3 Rxd4 33. cxd4 Kd6
34. Ne2 Be8 35. Ng1 b5 36. Nf3 a5 37. Ne5 Kc7 38. Ke3 Kb6 39. Kd2 Kc7 40. Kc3
Kb6 41. a3 Kc7 42. Kb3 Kb6 43. Nd3 Kc6 44. Nc1 Kb6 45. Na2 Kc6 46. Nc3 Bf7 47.
a4 b4 48. Ne2 Be8 49. Nc1 Kb6 50. Nd3 Kc6 51. Ne1 Kb6 52. Nf3 Kc6 53. Nd2 Kb6
54. Nf1 Kc6 55. Ne3 Kd6 56. Nc2 Kc6 57. Nxb4+ axb4 58. Kxb4 Kb6 59. a5+ Kc6 60.
Ka4 Kb7+ 61. Ka3 Kc6 62. Kb4 Bd7 63. Ka4 Kb7+ 64. Kb4 Kc6 65. Ka4 Kb7+ 66. Kb4
Kc6 67. Ka4 1/2-1/2

[Event "TCh-TUR Super League 2014"]
[Site "Kocaeli TUR"]
[Date "2014.08.26"]
[Round "10.2"]
[Board "7"]
[White "Javakhadze, Zurab"]
[Black "Topak, Engin"]
[Result "1/2-1/2"]
[WhiteTitle "IM"]
[BlackTitle "FM"]
[WhiteElo "2423"]
[BlackElo "2208"]
[WhiteTeam "Kahramanmaras Buyuksehir Belediyesi Spor Kulubu"]
[BlackTeam "T.S. Alyans Satranc Spor Kulubu"]
[WhiteFideId "13603647"]
[BlackFideId "6300324"]
[EventDate "2014.08.18"]

1. Nf3 d5 2. g3 Nf6 3. Bg2 Bg4 4. O-O c6 5. d3 Nbd7 6. Nbd2 e5 7. e4 dxe4 8.
dxe4 Qc7 9. h3 Bh5 10. Qe1 Nc5 11. Nh4 Nfd7 12. a4 f6 13. Nf5 Bf7 14. a5 g6 15.
Ne3 Be7 16. b4 Ne6 17. c3 O-O 18. Qe2 Ng7 19. Ng4 Kh8 20. Nh6 Be6 21. Nc4 b5 22.
axb6 Nxb6 23. Na5 a6 24. Ng4 c5 25. bxc5 Bxc5 26. Ne3 Bxe3 27. Qxe3 Nc4 28. Nxc4
Bxc4 29. Rd1 Rfd8 30. Ba3 Ne6 31. h4 Rxd1+ 32. Rxd1 Rd8 33. Rxd8+ Nxd8 34. Qd2
Ne6 35. Bf3 Kg7 36. Bg4 h5 37. Bh3 a5 38. Bc1 Kg8 39. Qh6 Qg7 40. Qd2 Qc7 41.
Ba3 Kg7 42. Qb2 Kf7 43. Qc1 Kg8 44. Qd1 Nc5 45. Qf3 Kg7 46. Qe3 Ne6 47. Bg2 Kg8
48. Bf3 Qd7 49. Qb6 Qd3 50. Qb8+ Kg7 51. Qb7+ Kg8 52. Bg2 Qxc3 53. Qc8+ Kg7 54.
Qd7+ Kg8 55. Qe8+ Kg7 56. Qe7+ Kg8 57. Qe8+ Kg7 58. Qe7+ Kg8 59. Qe8+ 1/2-1/2

[Event "TCh-TUR Super League 2014"]
[Site "Kocaeli TUR"]
[Date "2014.08.26"]
[Round "10.2"]
[Board "8"]
[White "Soydan, Busra"]
[Black "Cemhan, Kardelen"]
[Result "1-0"]
[BlackTitle "WCM"]
[WhiteElo "1762"]
[BlackElo "2019"]
[WhiteTeam "T.S. Alyans Satranc Spor Kulubu"]
[BlackTeam "Kahramanmaras Buyuksehir Belediyesi Spor Kulubu"]
[WhiteFideId "6318673"]
[BlackFideId "6325670"]
[EventDate "2014.08.18"]

1. e4 e5 2. Nf3 Nc6 3. d4 exd4 4. Bc4 Nf6 5. e5 d5 6. Bb5 Ne4 7. Nxd4 Bd7 8.
Bxc6 bxc6 9. O-O Bc5 10. Be3 Qe7 11. Re1 O-O 12. f3 Ng5 13. f4 Ne4 14. Nd2 f5
15. exf6 Nxf6 16. N2f3 Ng4 17. Bc1 Qd6 18. c3 Rae8 19. h3 Nf6 20. Ne5 Ne4 21.
Be3 Bb6 22. Qh5 g6 23. Qd1 Ng3 24. Kh2 Nf5 25. Qd2 Nxe3 26. Qxe3 c5 27. Ndf3 d4
28. Qd2 Be6 29. c4 c6 30. Rad1 Bc7 31. b4 cxb4 32. Nxd4 c5 33. Nxe6 Qxe6 34. Re4
Rf5 35. Rde1 Rd8 36. Qe3 Bxe5 37. fxe5 Qe7 38. e6 a5 39. Re5 Re8 40. Rxf5 gxf5
41. Qe5 Rf8 42. Rd1 Qf6 43. Qxf6 Rxf6 44. Rd8+ 1-0

[Event "TCh-TUR Super League 2014"]
[Site "Kocaeli TUR"]
[Date "2014.08.26"]
[Round "10.2"]
[Board "9"]
[White "Yaran, Siar"]
[Black "Dedebas, Emre Emin"]
[Result "1-0"]
[WhiteTitle "CM"]
[WhiteElo "2041"]
[BlackElo "1868"]
[WhiteTeam "Kahramanmaras Buyuksehir Belediyesi Spor Kulubu"]
[BlackTeam "T.S. Alyans Satranc Spor Kulubu"]
[WhiteFideId "6323006"]
[BlackFideId "6349005"]
[EventDate "2014.08.18"]

1. Nf3 d5 2. c4 c6 3. g3 Nf6 4. Bg2 Bg4 5. O-O Nbd7 6. b3 e6 7. Bb2 Be7 8. d3
O-O 9. Nbd2 a5 10. a3 Qb8 11. Rc1 h6 12. Rc2 Re8 13. Qa1 Bd6 14. Rfc1 e5 15.
cxd5 cxd5 16. Nf1 Be6 17. Ne3 d4 18. Nc4 Bd5 19. Nh4 Bxg2 20. Nxg2 Nd5 21. e3
dxe3 22. Ngxe3 Nxe3 23. Nxe3 Qd8 24. d4 exd4 25. Bxd4 Ne5 26. Rd1 Qg5 27. Qc1
Nf3+ 28. Kg2 Nh4+ 29. Kf1 Nf3 30. h4 Qg6 31. Rc4 Rad8 32. Bb6 Rd7 33. Rg4 Qh5
34. Rd5 Ne5 35. Bd4 Kh7 36. Qd1 g6 37. Bxe5 Rxe5 38. Rxe5 Qxe5 39. Rd4 Qf6 40.
Kg2 b5 41. a4 bxa4 42. bxa4 Rd8 43. Nc4 Bc7 44. Rxd8 Qxd8 45. Qxd8 Bxd8 46. Kf3
Kg7 47. Ke4 Kf6 48. Kd5 h5 49. Kc6 g5 50. Kd7 gxh4 51. gxh4 Be7 52. Nxa5 Bc5 53.
Nc4 Bxf2 54. a5 Bxh4 55. Nd6 Ke5 56. a6 Bf2 57. Kc7 Ba7 58. Nc4+ Kd5 59. Kb7
Kxc4 60. Kxa7 Kd5 61. Kb6 1-0

[Event "TCh-TUR Super League 2014"]
[Site "Kocaeli TUR"]
[Date "2014.08.26"]
[Round "10.2"]
[Board "10"]
[White "Ozbay, Ece"]
[Black "Dogan, Sevval"]
[Result "1-0"]
[WhiteElo "1611"]
[BlackElo "1651"]
[WhiteTeam "T.S. Alyans Satranc Spor Kulubu"]
[BlackTeam "Kahramanmaras Buyuksehir Belediyesi Spor Kulubu"]
[WhiteFideId "6351743"]
[BlackFideId "6322565"]
[EventDate "2014.08.18"]

1. e4 c5 2. Nf3 Nc6 3. Bb5 g6 4. O-O Bg7 5. c3 d5 6. e5 Bg4 7. d4 cxd4 8. cxd4
Nh6 9. h3 Bxf3 10. Qxf3 O-O 11. Bxc6 bxc6 12. Qc3 Qb6 13. Nd2 Nf5 14. Nb3 e6 15.
Nc5 Qc7 16. Bd2 Rfe8 17. Rac1 Rac8 18. b4 Qe7 19. g4 Nh6 20. f4 f5 21. g5 Nf7
22. Qa3 Bf8 23. Rc2 Qc7 24. Rfc1 Nd8 25. Qa4 Re7 26. a3 Kf7 27. Be3 Ra8 28. Qb3
Qb6 29. Na4 Qb7 30. Nc3 Rb8 31. Rb1 a6 32. a4 Rc7 33. b5 axb5 34. axb5 c5 35.
dxc5 Bxc5 36. Nxd5 Bxe3+ 37. Nxe3 Rd7 38. Nc4 Kg7 39. Qe3 Rd5 40. Nd6 Qb6 41.
Qxb6 Rxb6 42. Rc8 1-0

[Event "TCh-TUR Super League 2014"]
[Site "Kocaeli TUR"]
[Date "2014.08.26"]
[Round "10.3"]
[Board "1"]
[White "Grachev, Boris"]
[Black "Mchedlishvili, Mikheil"]
[Result "1/2-1/2"]
[WhiteTitle "GM"]
[BlackTitle "GM"]
[WhiteElo "2672"]
[BlackElo "2618"]
[WhiteTeam "Akdeniz Belediyesi Spor Kulubu"]
[BlackTeam "Tarsus Zeka Satranc Kulubu"]
[WhiteFideId "4129199"]
[BlackFideId "13600966"]
[EventDate "2014.08.18"]

1. d4 Nf6 2. c4 g6 3. Nf3 Bg7 4. g3 c6 5. Bg2 d5 6. cxd5 cxd5 7. O-O O-O 8. Ne5
Ng4 9. Nxg4 Bxg4 10. Nc3 Nc6 11. h3 Bd7 12. Nxd5 Nxd4 13. Bh6 Bxh6 14. Qxd4 Bg7
15. Qc5 e6 16. Ne7+ Kh8 17. Rad1 Re8 18. Bxb7 Rb8 19. Nc6 Qc7 20. Rxd7 Qxd7 21.
Nxb8 Qxb7 22. Nc6 Bxb2 23. Nxa7 Ra8 24. Nb5 Kg7 25. Rd1 Rxa2 26. Nd6 Qa8 27. Qc7
Ra7 28. Qb6 Be5 29. Qc5 Bxd6 1/2-1/2

[Event "TCh-TUR Super League 2014"]
[Site "Kocaeli TUR"]
[Date "2014.08.26"]
[Round "10.3"]
[Board "2"]
[White "Miroshnichenko, Evgenij"]
[Black "Filippov, Anton UZB"]
[Result "1/2-1/2"]
[WhiteTitle "GM"]
[BlackTitle "GM"]
[WhiteElo "2602"]
[BlackElo "2615"]
[WhiteTeam "Tarsus Zeka Satranc Kulubu"]
[BlackTeam "Akdeniz Belediyesi Spor Kulubu"]
[WhiteFideId "14102595"]
[BlackFideId "14200988"]
[EventDate "2014.08.18"]

1. Nf3 f5 2. g3 Nf6 3. Bg2 g6 4. O-O Bg7 5. d4 O-O 6. c4 d6 7. Nc3 c6 8. b4 e5
9. dxe5 dxe5 10. e4 Qxd1 11. Rxd1 f4 12. b5 fxg3 13. hxg3 Bg4 14. Ba3 Rc8 15.
Rab1 Nbd7 16. bxc6 bxc6 17. Bd6 Bf8 18. c5 Re8 19. Bxf8 Rxf8 20. Rd6 Bxf3 21.
Bxf3 Nxc5 22. Rxc6 Rac8 23. Rxc8 Rxc8 24. Nd5 Kf7 25. Ne3 Rc7 26. Rc1 1/2-1/2

[Event "TCh-TUR Super League 2014"]
[Site "Kocaeli TUR"]
[Date "2014.08.26"]
[Round "10.3"]
[Board "3"]
[White "Annaberdiev, Meilis"]
[Black "Yurtseven, Ahmet Can"]
[Result "1/2-1/2"]
[WhiteTitle "IM"]
[BlackTitle "FM"]
[WhiteElo "2439"]
[BlackElo "2289"]
[WhiteTeam "Akdeniz Belediyesi Spor Kulubu"]
[BlackTeam "Tarsus Zeka Satranc Kulubu"]
[WhiteFideId "14000563"]
[BlackFideId "6300081"]
[EventDate "2014.08.18"]

1. e4 c6 2. Nc3 d5 3. Nf3 dxe4 4. Nxe4 Nf6 5. Nxf6+ exf6 6. Bc4 Bd6 7. Qe2+ Qe7
8. Qxe7+ Kxe7 9. O-O Rd8 10. h3 Kf8 11. Re1 Bf5 12. d3 b5 13. Bb3 Na6 14. a3 Nc5
15. Ba2 a5 16. Bd2 Na4 17. b4 axb4 18. axb4 Ra6 19. Bb3 Rda8 20. Ra2 Nb6 21. Ra5
Rxa5 22. bxa5 Na4 23. Ra1 Nc5 24. Bb4 Nb7 25. Bd2 Ra6 26. g4 Bd7 27. g5 f5 28.
Re1 Nxa5 29. Ra1 b4 30. Bc4 Ra7 31. Nd4 Ke8 32. Be3 f4 33. Nxc6 Rc7 34. Nxa5
fxe3 35. fxe3 Bxh3 36. Bb5+ Bd7 37. Nc4 Ke7 38. Bxd7 Kxd7 39. Kf2 Be7 40. Rh1
Bxg5 41. Rxh7 Bf6 42. Rh5 Ra7 43. Nb6+ Kc6 44. Nd5 Be7 45. e4 Bc5+ 46. Ke2 Ra2
47. Kd1 b3 48. cxb3 Rb2 49. Rh7 Rxb3 50. Kc2 Rb7 51. Rxg7 Bd4 52. Rg5 Rb2+ 53.
Kd1 Rb3 54. Ke2 Rb2+ 55. Ke1 Rb1+ 56. Kd2 Rb2+ 57. Kc1 Rf2 58. Rf5 Kd6 59. Rxf2
Bxf2 60. Nf6 Bd4 61. Nh5 Be5 62. Kd2 Ke6 63. Ke3 f5 64. Nf4+ Kf6 65. Nh5+ Ke6
66. Nf4+ Kf6 67. Kf3 fxe4+ 68. Kxe4 Bb2 69. Kd5 Bc1 70. Ne2 Be3 71. Nc3 Bg1 1/2-1/2

[Event "TCh-TUR Super League 2014"]
[Site "Kocaeli TUR"]
[Date "2014.08.26"]
[Round "10.3"]
[Board "4"]
[White "Bayram, Yakup"]
[Black "Annaberdiyev, Babageldi"]
[Result "1/2-1/2"]
[WhiteTitle "FM"]
[BlackTitle "FM"]
[WhiteElo "2268"]
[BlackElo "2238"]
[WhiteTeam "Tarsus Zeka Satranc Kulubu"]
[BlackTeam "Akdeniz Belediyesi Spor Kulubu"]
[WhiteFideId "6300677"]
[BlackFideId "14000385"]
[EventDate "2014.08.18"]

1. a3 g6 2. c4 Bg7 3. Nf3 Nf6 4. g3 O-O 5. Bg2 d6 6. O-O e5 7. Nc3 a5 8. Rb1 Re8
9. e4 Bg4 10. h3 Bxf3 11. Qxf3 Nc6 12. d3 Nd7 13. Qd1 Nc5 14. Kh2 a4 15. f4 exf4
16. gxf4 Nd4 17. Ne2 Nxe2 18. Qxe2 f5 19. Bd2 Qe7 20. Bc3 c6 21. Rbe1 fxe4 22.
Bxe4 Nxe4 23. dxe4 Bxc3 24. bxc3 Ra5 25. e5 dxe5 26. Qe4 Qh4 27. Rg1 Rf8 28.
Rxg6+ hxg6 29. Qxg6+ Kh8 30. Rg1 Qxf4+ 31. Rg3 Qf2+ 32. Rg2 Qf4+ 33. Rg3 Qf2+
34. Rg2 Qf4+ 1/2-1/2

[Event "TCh-TUR Super League 2014"]
[Site "Kocaeli TUR"]
[Date "2014.08.26"]
[Round "10.3"]
[Board "5"]
[White "Dogan, Nazmi Can"]
[Black "Butros, Ryan T."]
[Result "1/2-1/2"]
[WhiteElo "2135"]
[BlackElo "2130"]
[WhiteTeam "Akdeniz Belediyesi Spor Kulubu"]
[BlackTeam "Tarsus Zeka Satranc Kulubu"]
[WhiteFideId "6309658"]
[BlackFideId "2026481"]
[EventDate "2014.08.18"]

1. Nf3 c5 2. b3 Nc6 3. Bb2 d5 4. e3 Nf6 5. Bb5 Bd7 6. O-O e6 7. d3 a6 8. Bxc6
Bxc6 9. Ne5 Bd6 10. f4 Qe7 11. Nd2 O-O 12. Qe1 Nd7 13. Nxc6 bxc6 14. e4 Bc7 15.
Qg3 f6 16. Qh4 Ba5 17. Rad1 Bxd2 18. Rxd2 c4 19. bxc4 dxc4 20. dxc4 Nb6 21. Rd3
Nxc4 22. Ba1 Rad8 23. Qf2 Qb4 24. Rfd1 Rxd3 25. cxd3 Rd8 26. Qe2 Na3 27. Qb2 c5
28. Qb3 Qxb3 29. axb3 Rb8 30. d4 cxd4 31. Bxd4 Rxb3 32. Bc5 Rb1 33. Rxb1 Nxb1
34. Bb4 Kf7 35. Kf2 g5 36. f5 exf5 37. exf5 h5 38. Ke3 a5 39. Bxa5 Na3 40. Kd4
Nc2+ 41. Kd3 Na3 42. Kd4 Nc2+ 43. Ke4 1/2-1/2

[Event "TCh-TUR Super League 2014"]
[Site "Kocaeli TUR"]
[Date "2014.08.26"]
[Round "10.3"]
[Board "6"]
[White "Gvetadze, Sofio"]
[Black "Yildiz, Betul Cemre"]
[Result "1/2-1/2"]
[WhiteTitle "IM"]
[BlackTitle "WGM"]
[WhiteElo "2361"]
[BlackElo "2296"]
[WhiteTeam "Tarsus Zeka Satranc Kulubu"]
[BlackTeam "Akdeniz Belediyesi Spor Kulubu"]
[WhiteFideId "13601440"]
[BlackFideId "6302920"]
[EventDate "2014.08.18"]

1. Nf3 d5 2. g3 Nf6 3. Bg2 g6 4. O-O Bg7 5. d3 O-O 6. Nbd2 c5 7. e4 Nc6 8. Re1
e5 9. exd5 Nxd5 10. Nc4 Re8 11. c3 Rb8 12. a4 b6 13. Ng5 f6 14. Ne4 Be6 15. f4
Kh8 16. fxe5 fxe5 17. Bg5 Qd7 18. Qd2 Rf8 19. Rf1 Bh3 20. Ned6 Bxg2 21. Qxg2 Qe6
22. Qe4 h6 23. Qh4 Kh7 24. Ne4 Qd7 25. Bf6 Kg8 26. Bxg7 Kxg7 27. Ned6 Ne3 28.
Nxe3 Qxd6 29. Qe4 Rbd8 30. Nc4 Qxd3 31. Qxc6 Qxc4 32. Qc7+ Kg8 33. Qxe5 Rde8 34.
Qd6 Qe4 35. Rae1 Rxf1+ 36. Rxf1 Qe3+ 37. Rf2 Qe1+ 38. Kg2 Qe4+ 39. Kg1 Qe1+ 40.
Rf1 Qe3+ 41. Rf2 1/2-1/2